Normal view
MARC view
Entry Topical Term
001 - CONTROL NUMBER
- control field: 14684
003 - CONTROL NUMBER IDENTIFIER
- control field: ARRUPE
005 - DATE AND TIME OF LATEST TRANSACTION
- control field: 20150128161042.0
008 - FIXED-LENGTH DATA ELEMENTS
- fixed length control field: 150128|| aca||aabn | a|a d
040 ## - CATALOGING SOURCE
- Original cataloging agency: ARRUPE
- Transcribing agency: ARRUPE
150 ## - HEADING--TOPICAL TERM
- Topical term or geographic name as entry element: Reason.
670 ## - SOURCE DATA FOUND
- Source citation: Work cat.: (ARRUPE)0: Johnson, Mark, 1949- 14683, The body in the mind :, 1987.